[Event "TUR-chT2"]
[Site "Konya"]
[Date "2018.07.12"]
[Round "5.30"]
[White "Turhan, Fatih Enes"]
[Black "Yasa, Salih Alkin"]
[Result "1-0"]
[WhiteElo "1297"]
[BlackElo "1118"]
[PlyCount "41"]
[EventDate "2018.07.10"]
[EventType "team-swiss"]
[EventRounds "9"]
[EventCountry "TUR"]
[SourceTitle "EXT 2019"]
[Source "ChessBase"]
[SourceDate "2018.10.10"]
[SourceVersion "1"]
[SourceVersionDate "2018.10.10"]
[SourceQuality "1"]
[WhiteTeam "Harput Genclik"]
[BlackTeam "Bursa Inegol"]
[WhiteTeamCountry "TUR"]
[BlackTeamCountry "TUR"]

1. c4 g6 2. e3 Bg7 3. d4 d6 4. Nf3 c5 5. Nc3 Nc6 6. d5 Ne5 7. Be2 Nxf3+ 8. Bxf3 Nf6 9. h3 0-0 10. 0-0 Bf5 11. e4 Bd7 12. Bf4 Qb6 13. Qd2 Rfc8 14. Rac1 Qa6 15. b3 b5 16. cxb5 Bxb5 17. Nxb5 Qxb5 18. Be2 Qb4 19. Rc4 Qxd2 20. Bxd2 Nd7 21. Ra4 1-0